000 00260nam a22001217a 4500
008 181204b xxu||||| |||| 00| 0 eng d
041 _aeng
080 _a621
100 _a27
101 _aMEK
245 _aEngineering Mechanics
_cHigdon, A
942 _2udc
_cBK
999 _c52819
_d52819